Central Library OPAC University of Rajshahi

Opening Africa / (Record no. 23340)

MARC details
000 -LEADER
fixed length control field 00758nam a22002651 4500
001 - CONTROL NUMBER
control field 23340
003 - CONTROL NUMBER IDENTIFIER
rucl marc code BD-RjUL
005 - DATE AND TIME OF LATEST TRANSACTION
control field 20211209000922.0
008 - FIXED-LENGTH DATA ELEMENTS--GENERAL INFORMATION
fixed length control field 140310s1962 enkcb b 001 0 eng
035 ## - SYSTEM CONTROL NUMBER
System control number (BD-RjUL)23405
System control number (OCoLC)2703076
040 ## - CATALOGING SOURCE
Original cataloging agency DLC
Transcribing agency Mo
Modifying agency BD-RjUL
Language of cataloging eng
041 ## - LANGUAGE CODE
Language code of text/sound track or separate title eng
082 ## - DEWEY DECIMAL CLASSIFICATION NUMBER
Classification number 960
Author mark and year HOO 1962
100 1# - MAIN ENTRY--PERSONAL NAME
Personal name Hobley, L. F.
9 (RLIN) 71899
245 10 - TITLE STATEMENT
Title Opening Africa /
Statement of responsibility, etc. L F Hobley, Pictures by Richard Ogle and G. Randall; maps by Clare Thornhill.
250 ## - EDITION STATEMENT
Edition statement 3rd ed.
260 ## - PUBLICATION, DISTRIBUTION, ETC. (IMPRINT)
Place of publication, distribution, etc. London :
Name of publisher, distributor, etc. Methuen's Outlines,
Date of publication, distribution, etc. c1962.
300 ## - PHYSICAL DESCRIPTION
Pagination 86 p. :
Illustrations ill. ;
Size 22 cm.
504 ## - BIBLIOGRAPHY, ETC. NOTE
Bibliography, etc Includes index.
651 #0 - SUBJECT ADDED ENTRY--GEOGRAPHIC NAME
Geographic name Africa
General subdivision Discovery and exploration.
9 (RLIN) 71900
942 ## - ADDED ENTRY ELEMENTS (KOHA)
Source of classification or shelving scheme Dewey Decimal Classification
Koha item type Books
Holdings
Lost status Source of classification or shelving scheme Damaged status Not for loan Collection code Permanent Location Current Location Shelving location Date acquired Source of acquisition Cost, normal purchase price Total Checkouts Full call number Date last seen Copy number Koha item type
  Dewey Decimal Classification   Added to bundle Non-fiction Central Library, University of Rajshahi Central Library, University of Rajshahi Reading Room 09/02/1963 Zetlinger 0.00   960 HOO 1962 10/03/2014 C-1 Books